000
00237nam a22001217a 4500
003
SGT
082
_a
823
_b
AUS
100
_a
AUSTEN JANE
245
_a
PRIDE & PREJUDICE
260
_a
INDIA
_b
WPH
_c
2008
300
_a
386
942
_2
ddc
_c
BK
999
_c
33460
_d
33460